[Event "34. Open Ciutat de Badalona 2008"]
[Site "Badalona ESP"]
[Date "2008.08.03"]
[Round "3.11"]
[White "Vittorino, Carlo Giovanni"]
[Black "Ridameya Tatche, Jose Miguel"]
[Result "1-0"]
[WhiteElo "2357"]
[BlackElo "2133"]
[PlyCount "123"]
[EventDate "2008.08.01"]
[EventType "swiss"]
[EventRounds "9"]
[EventCountry "ESP"]
[SourceTitle "Ajedrez en Madrid"]
[Source "lmi"]
[SourceDate "2008.08.01"]
[SourceVersion "1"]
[SourceVersionDate "2018.07.18"]
[SourceQuality "1"]

1. d4 d5 2. c4 dxc4 3. Nf3 a6 4. e3 Bg4 5. Bxc4 e6 6. h3 Bxf3 7. Qxf3 Nc6 8.
O-O Bd6 9. Bb3 Qe7 10. Ba4 Qd7 11. Bxc6 Qxc6 12. Qxc6+ bxc6 13. Nd2 c5 14. dxc5
Bxc5 15. Ne4 Be7 16. Bd2 Nf6 17. Nxf6+ Bxf6 18. Rab1 O-O-O 19. Bb4 Rd5 20. Rfc1
Rhd8 21. b3 R8d7 22. Kf1 Kb7 23. Ke2 a5 24. Be1 Be7 25. Rc4 f5 26. Rbc1 Rb5 27.
Ra4 Bb4 28. Rc4 Bxe1 29. Kxe1 Kb6 30. Rh4 h6 31. Rac4 Rbd5 32. Rc2 Rb5 33. Rhc4
c5 34. Ke2 Rc7 35. Rd2 Rb4 36. Rd6+ Rc6 37. Rd7 Rxc4 38. bxc4 Rc7 39. Rd6+ Kb7
40. Rd8 Rc6 41. Rd7+ Kc8 42. Ra7 Rc7 43. Rxa5 Kd7 44. Kd3 e5 45. Kc3 e4 46. a4
Ke6 47. Ra6+ Ke7 48. g3 h5 49. h4 Rd7 50. Rc6 Rd3+ 51. Kc2 Ra3 52. Rxc5 Ke6 53.
a5 Ra2+ 54. Kb3 Rxf2 55. a6 Rf1 56. Ra5 Rb1+ 57. Ka4 Rb8 58. a7 Ra8 59. Kb5 g5
60. hxg5 f4 61. exf4 Kd6 62. Kb6 1-0

[Event "34. Open Ciutat de Badalona 2008"]
[Site "Badalona ESP"]
[Date "2008.08.03"]
[Round "3.12"]
[White "Humeau, Cyril"]
[Black "Cuartas, Jaime Alexander"]
[Result "0-1"]
[WhiteElo "2170"]
[BlackElo "2495"]
[PlyCount "118"]
[EventDate "2008.08.01"]
[EventType "swiss"]
[EventRounds "9"]
[EventCountry "ESP"]
[SourceTitle "Ajedrez en Madrid"]
[Source "lmi"]
[SourceDate "2008.08.01"]
[SourceVersion "1"]
[SourceVersionDate "2018.07.18"]
[SourceQuality "1"]

1. e4 c5 2. c3 g6 3. d4 cxd4 4. cxd4 d5 5. Nc3 dxe4 6. Bc4 Nf6 7. Qb3 e6 8. d5
exd5 9. Nxd5 Nxd5 10. Bxd5 Qe7 11. Qa4+ Bd7 12. Qxe4 Qxe4+ 13. Bxe4 Nc6 14. Be3
Bb4+ 15. Kf1 O-O 16. g3 Rfe8 17. Bd5 Rad8 18. Kg2 Bf8 19. a3 Bg7 20. Ra2 Re5
21. Bc4 Na5 22. Be2 Be6 23. Ra1 Nb3 24. Re1 Ra5 25. Bf3 b6 26. Ne2 Bxb2 27. Rd1
Rf8 28. Nf4 Bc4 29. Rd7 Rxa3 30. Rc7 b5 31. Rxa7 Rxa7 32. Bxa7 Bd4 33. Bxd4
Nxd4 34. Rd1 Nxf3 35. Kxf3 b4 36. Rd4 Rc8 37. Nd5 Bxd5+ 38. Rxd5 Rc3+ 39. Kg2
h5 40. Rb5 Rb3 41. h4 Kf8 42. Rb7 Ke8 43. Rb8+ Kd7 44. Rb7+ Ke6 45. Rb6+ Ke5
46. Rb7 f5 47. Rb6 Kd4 48. Rxg6 Rd3 49. Rg5 b3 50. Rxf5 b2 51. Rb5 Kc3 52. f3
Rd4 53. Rxb2 Kxb2 54. Kh3 Rd3 55. Kg2 Rd2+ 56. Kh3 Rf2 57. f4 Kc3 58. g4 Rf3+
59. Kg2 Rxf4 0-1

[Event "34. Open Ciutat de Badalona 2008"]
[Site "Badalona ESP"]
[Date "2008.08.04"]
[Round "4.1"]
[White "Sundararajan, Kidambi"]
[Black "Vittorino, Carlo Giovanni"]
[Result "1-0"]
[WhiteElo "2446"]
[BlackElo "2357"]
[PlyCount "37"]
[EventDate "2008.08.01"]
[EventType "swiss"]
[EventRounds "9"]
[EventCountry "ESP"]
[SourceTitle "Ajedrez en Madrid"]
[Source "lmi"]
[SourceDate "2008.08.01"]
[SourceVersion "1"]
[SourceVersionDate "2018.07.18"]
[SourceQuality "1"]

1. d4 e6 2. c4 Nf6 3. Nc3 Bb4 4. Bg5 O-O 5. Nf3 d5 6. e3 h6 7. Bh4 c5 8. cxd5
Qxd5 9. Bxf6 gxf6 10. Be2 cxd4 11. exd4 Nc6 12. O-O Bxc3 13. bxc3 e5 14. Rb1
Bf5 15. Rxb7 Qxa2 16. Nh4 Qc2 17. Bf3 Nd8 18. Rb5 Rc8 19. Nxf5 1-0

[Event "34. Open Ciutat de Badalona 2008"]
[Site "Badalona ESP"]
[Date "2008.08.04"]
[Round "4.2"]
[White "Panchanathan, Magesh Chandran"]
[Black "Alonso Moyano, Jonathan"]
[Result "1-0"]
[WhiteElo "2486"]
[BlackElo "2372"]
[PlyCount "93"]
[EventDate "2008.08.01"]
[EventType "swiss"]
[EventRounds "9"]
[EventCountry "ESP"]
[SourceTitle "Ajedrez en Madrid"]
[Source "lmi"]
[SourceDate "2008.08.01"]
[SourceVersion "1"]
[SourceVersionDate "2018.07.18"]
[SourceQuality "1"]

1. c4 e5 2. g3 Nc6 3. Bg2 f5 4. e3 Nf6 5. Nc3 Bb4 6. Nge2 e4 7. O-O Ne5 8. Nd5
Nxd5 9. cxd5 O-O 10. b3 b6 11. Bb2 Bd6 12. Bxe5 Bxe5 13. Rc1 Ba6 14. f3 Bd3 15.
fxe4 fxe4 16. Rxf8+ Qxf8 17. Nf4 Bxf4 18. gxf4 Qd6 19. Qh5 c6 20. Bh3 cxd5 21.
Qe5 Qxe5 22. fxe5 Re8 23. Rc7 Rxe5 24. Rxa7 Rg5+ 25. Kf2 Rg6 26. Rxd7 Rf6+ 27.
Kg1 Rg6+ 28. Bg2 Rc6 29. Rxd5 Rc2 30. a4 Rb2 31. Rd4 Rxb3 32. Kf2 Rb2 33. Kg3
g5 34. h4 h6 35. hxg5 hxg5 36. Kg4 Rxd2 37. Bxe4 Be2+ 38. Kxg5 Rxd4 39. exd4
Kf7 40. Kf5 Ke7 41. Ke5 Kd7 42. Bf5+ Kc7 43. Ke6 Bd1 44. Ke7 Bxa4 45. d5 Be8
46. Be4 Bd7 47. d6+ 1-0

[Event "34. Open Ciutat de Badalona 2008"]
[Site "Badalona ESP"]
[Date "2008.08.04"]
[Round "4.3"]
[White "Panelo, Marcelo"]
[Black "Konguvel, Ponnuswamy"]
[Result "1/2-1/2"]
[WhiteElo "2414"]
[BlackElo "2415"]
[PlyCount "138"]
[EventDate "2008.08.01"]
[EventType "swiss"]
[EventRounds "9"]
[EventCountry "ESP"]
[SourceTitle "Ajedrez en Madrid"]
[Source "lmi"]
[SourceDate "2008.08.01"]
[SourceVersion "1"]
[SourceVersionDate "2018.07.18"]
[SourceQuality "1"]

1. d4 Nf6 2. c4 g6 3. Nc3 d5 4. Nf3 Bg7 5. Bg5 Ne4 6. Bh4 Nxc3 7. bxc3 dxc4 8.
Qa4+ Qd7 9. Qxc4 O-O 10. Bg3 Nc6 11. e3 b6 12. Be2 Bb7 13. O-O Na5 14. Qb4 Rac8
15. Ne5 Qe6 16. Bg4 f5 17. Bf3 c5 18. Qa4 Bxf3 19. Nxf3 cxd4 20. cxd4 Rc4 21.
Qa3 Rfc8 22. Rac1 h6 23. Rxc4 Rxc4 24. h4 Rc2 25. Qa4 Qc6 26. Qb4 Kf7 27. Be5
Qc4 28. Qb1 Qxa2 29. Qb5 Nc6 30. Bxg7 Kxg7 31. h5 Qc4 32. Qb1 e6 33. hxg6 Kxg6
34. d5 exd5 35. Qa1 Qc3 36. Qa6 Rc1 37. Rxc1 Qxc1+ 38. Kh2 Qc5 39. Qc8 Qd6+ 40.
g3 Ne7 41. Qh8 Nc6 42. Nh4+ Kf7 43. Qh7+ Ke8 44. Nxf5 Qf6 45. Qg8+ Kd7 46.
Qxd5+ Kc7 47. f4 a5 48. e4 a4 49. Qd3 Qf7 50. Ne3 Qb3 51. Nd5+ Kb7 52. Nc3 b5
53. Qxb5+ Qxb5 54. Nxb5 Kb6 55. Na3 Kc5 56. e5 Kb4 57. Nb1 Ne7 58. g4 Kc4 59.
Kg3 Kd4 60. e6 Nd5 61. Kf3 Nf6 62. Na3 Kc3 63. g5 hxg5 64. fxg5 Ne8 65. Ke4 Kb3
66. Nb1 Kc2 67. Na3+ Kb3 68. Nb5 Kc4 69. Na3+ Kb3 1/2-1/2

[Event "34. Open Ciutat de Badalona 2008"]
[Site "Badalona ESP"]
[Date "2008.08.04"]
[Round "4.4"]
[White "Hernandez, Ivan"]
[Black "Karlsson, Lars"]
[Result "0-1"]
[WhiteElo "2344"]
[BlackElo "2476"]
[PlyCount "108"]
[EventDate "2008.08.01"]
[EventType "swiss"]
[EventRounds "9"]
[EventCountry "ESP"]
[SourceTitle "Ajedrez en Madrid"]
[Source "lmi"]
[SourceDate "2008.08.01"]
[SourceVersion "1"]
[SourceVersionDate "2018.07.18"]
[SourceQuality "1"]

1. d4 d6 2. Nf3 Bg4 3. e4 e6 4. h3 Bh5 5. Nc3 Nd7 6. Be3 Be7 7. Bd3 c6 8. a4
Ngf6 9. Qe2 Bg6 10. O-O O-O 11. Nh4 Bxe4 12. Bxe4 Nxe4 13. Nxe4 d5 14. Nf3 dxe4
15. Ne5 f5 16. Bf4 Nf6 17. Rfd1 Nd5 18. Bd2 Bg5 19. c4 Nf4 20. Bxf4 Bxf4 21. c5
Qd5 22. Nc4 Bc7 23. Rac1 Rad8 24. b4 f4 25. Re1 e3 26. fxe3 f3 27. Qf2 fxg2 28.
Qxg2 Rf3 29. Nd6 Rxd6 30. cxd6 Bxd6 31. Rc5 Bxc5 32. bxc5 b6 33. cxb6 axb6 34.
a5 bxa5 35. Rb1 Rf8 36. Rb7 Qxg2+ 37. Kxg2 Ra8 38. Rb6 a4 39. Rxc6 a3 40. Rc1
a2 41. Ra1 Kf7 42. Kf3 Ra3 43. Kf4 Kf6 44. h4 g6 45. Ke4 h6 46. Rf1+ Ke7 47.
Ra1 Kd6 48. Kf4 Kd5 49. h5 gxh5 50. Kf3 h4 51. Kg4 Ke4 52. Kxh4 Ra5 53. Kg4
Kxe3 54. d5 exd5 0-1

[Event "34. Open Ciutat de Badalona 2008"]
[Site "Badalona ESP"]
[Date "2008.08.04"]
[Round "4.7"]
[White "Vehi Bach, Victor Manuel"]
[Black "Moskalenko, Viktor"]
[Result "1/2-1/2"]
[WhiteElo "2411"]
[BlackElo "2569"]
[PlyCount "54"]
[EventDate "2008.08.01"]
[EventType "swiss"]
[EventRounds "9"]
[EventCountry "ESP"]
[SourceTitle "Ajedrez en Madrid"]
[Source "lmi"]
[SourceDate "2008.08.01"]
[SourceVersion "1"]
[SourceVersionDate "2018.07.18"]
[SourceQuality "1"]

1. e4 e6 2. d4 d5 3. Nc3 Bb4 4. e5 b6 5. a3 Bf8 6. Nf3 Ne7 7. b4 Nbc6 8. Bd3
Bb7 9. O-O Qd7 10. Ne2 h6 11. c3 g6 12. Nf4 Bg7 13. Re1 a5 14. b5 Na7 15. a4
O-O-O 16. Ba3 Kb8 17. Bb1 Bf8 18. Nd2 Ng8 19. Bxf8 Rxf8 20. g3 Nc8 21. Kg2 g5
22. Nh5 f5 23. exf6 Nxf6 24. Nxf6 Rxf6 25. f3 Nd6 26. Re3 Rhf8 27. Qe2 Qf7
1/2-1/2

[Event "34. Open Ciutat de Badalona 2008"]
[Site "Badalona ESP"]
[Date "2008.08.04"]
[Round "4.9"]
[White "Hernando Rodrigo, Julio A"]
[Black "Pakleza, Zbigniew"]
[Result "0-1"]
[WhiteElo "2354"]
[BlackElo "2495"]
[PlyCount "74"]
[EventDate "2008.08.01"]
[EventType "swiss"]
[EventRounds "9"]
[EventCountry "ESP"]
[SourceTitle "Ajedrez en Madrid"]
[Source "lmi"]
[SourceDate "2008.08.01"]
[SourceVersion "1"]
[SourceVersionDate "2018.07.18"]
[SourceQuality "1"]

1. d4 d6 2. c4 e5 3. dxe5 dxe5 4. Qxd8+ Kxd8 5. Nc3 c6 6. f4 Be6 7. e4 Bb4 8.
fxe5 Nd7 9. Nf3 Ne7 10. Bd2 Ng6 11. O-O-O Kc8 12. a3 Be7 13. Ne2 Ngxe5 14. Ned4
Ng4 15. Nxe6 fxe6 16. Be1 Nc5 17. b4 Nxe4 18. Rd4 Ngf2 19. Bd3 a5 20. Rxe4
Nxd3+ 21. Kc2 Nxe1+ 22. Rhxe1 axb4 23. Rxe6 Bd8 24. axb4 Ra2+ 25. Kb3 Rxg2 26.
Ne5 Bf6 27. b5 cxb5 28. cxb5 Rd8 29. Re4 Rxh2 30. Nc4 Kb8 31. b6 Rh3+ 32. Kb4
Rhd3 33. Kc5 R3d5+ 34. Kb4 h5 35. Ne3 Rd2 36. Nf5 Kc8 37. Rc4+ Kd7 0-1

[Event "34. Open Ciutat de Badalona 2008"]
[Site "Badalona ESP"]
[Date "2008.08.04"]
[Round "4.10"]
[White "Cruz, Filemon"]
[Black "Pile, Richard"]
[Result "1-0"]
[WhiteElo "2416"]
[BlackElo "2336"]
[PlyCount "67"]
[EventDate "2008.08.01"]
[EventType "swiss"]
[EventRounds "9"]
[EventCountry "ESP"]
[SourceTitle "Ajedrez en Madrid"]
[Source "lmi"]
[SourceDate "2008.08.01"]
[SourceVersion "1"]
[SourceVersionDate "2018.07.18"]
[SourceQuality "1"]

1. d4 d5 2. Nf3 Nf6 3. c4 c6 4. e3 a6 5. c5 Nbd7 6. Nc3 g6 7. Be2 Bg7 8. O-O
O-O 9. b4 a5 10. b5 Ne4 11. Nxe4 dxe4 12. Nd2 Nxc5 13. bxc6 bxc6 14. Qc2 Ba6
15. Bxa6 Nxa6 16. Qxc6 f5 17. Ba3 Nb4 18. Bxb4 axb4 19. Qc4+ Kh8 20. Qxb4 e5
21. Nb3 exd4 22. Nxd4 Qd5 23. a4 Rfb8 24. Qa3 Bxd4 25. exd4 Qxd4 26. Rfd1 Qe5
27. h3 Ra7 28. Rac1 f4 29. Rc5 Qf6 30. a5 Re8 31. Qa4 Ree7 32. Rd4 Qe6 33. Qa1
Kg7 34. Rd6+ 1-0

[Event "34. Open Ciutat de Badalona 2008"]
[Site "Badalona ESP"]
[Date "2008.08.04"]
[Round "4.11"]
[White "Larsen, Karsten"]
[Black "Lubczynski, Rafal"]
[Result "0-1"]
[WhiteElo "2337"]
[BlackElo "2414"]
[PlyCount "58"]
[EventDate "2008.08.01"]
[EventType "swiss"]
[EventRounds "9"]
[EventCountry "ESP"]
[SourceTitle "Ajedrez en Madrid"]
[Source "lmi"]
[SourceDate "2008.08.01"]
[SourceVersion "1"]
[SourceVersionDate "2018.07.18"]
[SourceQuality "1"]

1. e4 d6 2. d4 Nf6 3. Bd3 e5 4. d5 g6 5. c4 Bg7 6. Nc3 O-O 7. h4 c6 8. Bg5 h6
9. Bd2 a6 10. a4 a5 11. Be2 Nbd7 12. g4 Nc5 13. f3 Qb6 14. b3 h5 15. g5 Nfd7
16. Rb1 Na6 17. Qc1 Nb4 18. Kf1 f5 19. Be3 Nc5 20. Kg2 Qc7 21. Qd2 fxe4 22.
fxe4 Rf4 23. Bxf4 exf4 24. Nh3 Be5 25. Rhf1 Qg7 26. Rfc1 Nbd3 27. Bxd3 f3+ 28.
Kh1 Bxh3 29. Bf1 Bxf1 0-1

[Event "34. Open Ciutat de Badalona 2008"]
[Site "Badalona ESP"]
[Date "2008.08.05"]
[Round "5.2"]
[White "Pakleza, Zbigniew"]
[Black "Panchanathan, Magesh Chandran"]
[Result "1/2-1/2"]
[WhiteElo "2495"]
[BlackElo "2486"]
[PlyCount "104"]
[EventDate "2008.08.01"]
[EventType "swiss"]
[EventRounds "9"]
[EventCountry "ESP"]
[SourceTitle "Ajedrez en Madrid"]
[Source "lmi"]
[SourceDate "2008.08.01"]
[SourceVersion "1"]
[SourceVersionDate "2018.07.18"]
[SourceQuality "1"]

1. e4 e5 2. Nf3 d6 3. d4 Nd7 4. c3 Ngf6 5. Bd3 Be7 6. O-O O-O 7. Re1 c6 8. h3
Re8 9. a4 Qc7 10. Nbd2 a5 11. Nf1 Bf8 12. Ng3 g6 13. Be3 Bg7 14. Qd2 Nf8 15.
Rad1 Ne6 16. Bc2 Bd7 17. dxe5 dxe5 18. Qd6 Qxd6 19. Rxd6 Nf8 20. Red1 Bc8 21.
Bb3 N8d7 22. Ng5 Re7 23. R6d2 h6 24. Nf3 Bf8 25. Ne1 Re8 26. Nd3 Kg7 27. f3 b6
28. Nf1 Ba6 29. Bc2 Rab8 30. b4 Bc4 31. Bf2 Be6 32. Ne3 axb4 33. cxb4 c5 34.
Bg3 cxb4 35. Nxe5 b3 36. Bd3 Bb4 37. Re2 Rbc8 38. Bb5 Nxe5 39. Bxe5 Re7 40. Ba6
Rc5 41. Bd4 Rd7 42. Bb5 Rxd4 43. Rxd4 Rc1+ 44. Rd1 b2 45. Rxb2 Bc5 46. Rxc1
Bxe3+ 47. Kf1 Bxc1 48. Rc2 Ba3 49. Rc6 Bc5 50. e5 Nd7 51. Rxe6 fxe6 52. Bxd7
Bd4 1/2-1/2

[Event "34. Open Ciutat de Badalona 2008"]
[Site "Badalona ESP"]
[Date "2008.08.05"]
[Round "5.3"]
[White "Konguvel, Ponnuswamy"]
[Black "Cuartas, Jaime Alexander"]
[Result "1-0"]
[WhiteElo "2415"]
[BlackElo "2495"]
[PlyCount "97"]
[EventDate "2008.08.01"]
[EventType "swiss"]
[EventRounds "9"]
[EventCountry "ESP"]
[SourceTitle "Ajedrez en Madrid"]
[Source "lmi"]
[SourceDate "2008.08.01"]
[SourceVersion "1"]
[SourceVersionDate "2018.07.18"]
[SourceQuality "1"]

1. e4 c5 2. Nf3 Nc6 3. d4 cxd4 4. Nxd4 Nf6 5. Nc3 e6 6. Nxc6 bxc6 7. e5 Nd5 8.
Ne4 f5 9. exf6 Nxf6 10. Nd6+ Bxd6 11. Qxd6 Ba6 12. Bxa6 Qa5+ 13. Bd2 Qxa6 14.
f3 Qb6 15. O-O-O c5 16. Bg5 Qxd6 17. Rxd6 Ke7 18. Rhd1 Rhd8 19. c4 h6 20. Bh4
Rab8 21. Bf2 Rb4 22. b3 Rc8 23. Ra6 Rb7 24. Bg3 Ne8 25. Kc2 Rd8 26. Bh4+ g5 27.
Bf2 d6 28. h4 Nc7 29. Rc6 e5 30. hxg5 hxg5 31. Be3 Ne6 32. Ra6 Rbd7 33. Rh1 Rf8
34. Rh5 Kf6 35. Rh6+ Kf7 36. Kd3 Rg8 37. Ke4 Rg6 38. Rxg6 Kxg6 39. Kd5 Nc7+ 40.
Kc6 Nxa6 41. Kxd7 Nb4 42. Kxd6 Nxa2 43. Kxe5 a5 44. Kd5 a4 45. bxa4 Nc3+ 46.
Kxc5 Nxa4+ 47. Kb4 Nb2 48. Kc3 Nd1+ 49. Kd4 1-0

[Event "34. Open Ciutat de Badalona 2008"]
[Site "Badalona ESP"]
[Date "2008.08.05"]
[Round "5.4"]
[White "Karlsson, Lars"]
[Black "Cruz, Filemon"]
[Result "1-0"]
[WhiteElo "2476"]
[BlackElo "2416"]
[PlyCount "97"]
[EventDate "2008.08.01"]
[EventType "swiss"]
[EventRounds "9"]
[EventCountry "ESP"]
[SourceTitle "Ajedrez en Madrid"]
[Source "lmi"]
[SourceDate "2008.08.01"]
[SourceVersion "1"]
[SourceVersionDate "2018.07.18"]
[SourceQuality "1"]

1. Nf3 g6 2. g3 Bg7 3. Bg2 e5 4. O-O Nc6 5. e4 Nge7 6. c3 O-O 7. d4 exd4 8.
Nxd4 d6 9. Bg5 h6 10. Nxc6 bxc6 11. Be3 c5 12. Qc1 Kh7 13. Rd1 Qe8 14. e5 Rb8
15. exd6 cxd6 16. Bf4 Nf5 17. Na3 Be6 18. Qc2 Qc8 19. Bxd6 Nxd6 20. Rxd6 Qc7
21. Rxe6 fxe6 22. Nc4 Rbd8 23. Be4 Qf7 24. Re1 Rd7 25. Re3 Bf6 26. Qe2 Rfd8 27.
Bc2 Kg7 28. Rf3 Rd5 29. Kg2 Qe8 30. Re3 Qf7 31. Be4 R5d7 32. h4 e5 33. Rf3 Re7
34. h5 gxh5 35. Ne3 Red7 36. Nf5+ Kh8 37. Qa6 Qf8 38. Qe6 Rd6 39. Nxd6 Rxd6 40.
Qf5 Qf7 41. Qc8+ Kg7 42. Qxc5 Rd2 43. b4 Qd7 44. Rxf6 Kxf6 45. Qf8+ Kg5 46. Qh8
Rxf2+ 47. Kxf2 Qd2+ 48. Kg1 Kg4 49. Qxe5 1-0

[Event "34. Open Ciutat de Badalona 2008"]
[Site "Badalona ESP"]
[Date "2008.08.05"]
[Round "5.6"]
[White "Munoz Pantoja, Miguel"]
[Black "Lasinskas, Povilas"]
[Result "1-0"]
[WhiteElo "2499"]
[BlackElo "2269"]
[PlyCount "39"]
[EventDate "2008.08.01"]
[EventType "swiss"]
[EventRounds "9"]
[EventCountry "ESP"]
[SourceTitle "Ajedrez en Madrid"]
[Source "lmi"]
[SourceDate "2008.08.01"]
[SourceVersion "1"]
[SourceVersionDate "2018.07.18"]
[SourceQuality "1"]

1. e4 c5 2. g3 b6 3. Bg2 Bb7 4. Ne2 Nc6 5. c3 e5 6. O-O Nge7 7. d4 d6 8. f4
exd4 9. cxd4 Nxd4 10. Nxd4 cxd4 11. Qxd4 Nc6 12. Qd2 Be7 13. Nc3 O-O 14. b3 Bf6
15. Bb2 Bd4+ 16. Kh1 Bc5 17. Nd5 a5 18. a3 b5 19. b4 Ba7 20. Rac1 1-0

[Event "34. Open Ciutat de Badalona 2008"]
[Site "Badalona ESP"]
[Date "2008.08.05"]
[Round "5.7"]
[White "Moskalenko, Viktor"]
[Black "Panelo, Marcelo"]
[Result "1-0"]
[WhiteElo "2569"]
[BlackElo "2414"]
[PlyCount "79"]
[EventDate "2008.08.01"]
[EventType "swiss"]
[EventRounds "9"]
[EventCountry "ESP"]
[SourceTitle "Ajedrez en Madrid"]
[Source "lmi"]
[SourceDate "2008.08.01"]
[SourceVersion "1"]
[SourceVersionDate "2018.07.18"]
[SourceQuality "1"]

1. d4 d5 2. c4 c6 3. Nf3 Nf6 4. e3 Bf5 5. Nc3 e6 6. Nh4 Bg6 7. Nxg6 hxg6 8. Bd2
Nbd7 9. Bd3 Qc7 10. cxd5 cxd5 11. f4 Bd6 12. Qf3 O-O-O 13. g4 Bb4 14. g5 Bxc3
15. bxc3 Ne4 16. Bxe4 dxe4 17. Qxe4 Rde8 18. Qf3 f5 19. c4 Nb6 20. Rc1 Qf7 21.
d5 exd5 22. cxd5+ Kb8 23. Bc3 Re4 24. O-O Nxd5 25. Be5+ Ka8 26. Rfd1 Nxe3 27.
Rd3 Qxa2 28. h3 Nc4 29. Qd1 Qa5 30. Bd4 a6 31. Rdc3 Rhe8 32. Bf2 Rd8 33. Rd3
Rc8 34. Rd5 Qa3 35. Rd8 Kb8 36. Rb1 Qxh3 37. Rxb7+ Kxb7 38. Qd7+ Rc7 39. Qd5+
Rc6 40. Rd7+ 1-0

[Event "34. Open Ciutat de Badalona 2008"]
[Site "Badalona ESP"]
[Date "2008.08.05"]
[Round "5.8"]
[White "Sharaibi, Olufemi"]
[Black "Vehi Bach, Victor Manuel"]
[Result "0-1"]
[WhiteElo "2132"]
[BlackElo "2411"]
[PlyCount "144"]
[EventDate "2008.08.01"]
[EventType "swiss"]
[EventRounds "9"]
[EventCountry "ESP"]
[SourceTitle "Ajedrez en Madrid"]
[Source "lmi"]
[SourceDate "2008.08.01"]
[SourceVersion "1"]
[SourceVersionDate "2018.07.18"]
[SourceQuality "1"]

1. e4 c5 2. Nf3 e6 3. d4 cxd4 4. Nxd4 a6 5. g3 d5 6. Bg2 dxe4 7. O-O f5 8. Bf4
Nf6 9. Nc3 Bc5 10. Nb3 Qxd1 11. Raxd1 Ba7 12. Bd6 Nc6 13. h3 Kf7 14. Bc5 Bxc5
15. Nxc5 b6 16. Rd6 bxc5 17. Rxc6 Rb8 18. b3 Rd8 19. Rxc5 Bb7 20. Rd1 Rbc8 21.
Rc4 Rxc4 22. bxc4 Rxd1+ 23. Nxd1 Ke7 24. Kf1 Nd7 25. Ke1 Ne5 26. Ne3 Kd6 27.
Kd2 Kc5 28. Kc3 g5 29. Bf1 a5 30. Nd1 f4 31. Nb2 Bc6 32. gxf4 gxf4 33. h4 Nf3
34. h5 h6 35. Bh3 e5 36. a3 Ng5 37. Bf5 Nf7 38. Bg6 Nd6 39. f3 Kb6 40. fxe4
Bxe4 41. Na4+ Kc6 42. c5 Bxg6 43. hxg6 Ne4+ 44. Kd3 Nf6 45. g7 h5 46. Nc3 h4
47. Ke2 h3 48. Kf1 Ng8 49. Ne4 Kd5 50. Kg1 f3 51. Nf2 Kxc5 52. Kf1 h2 53. Ke1
Kc4 54. Kd2 a4 55. Nh1 e4 56. Nf2 Kd4 57. c3+ Kc4 58. Ke3 Nf6 59. Nh1 Kxc3 60.
Nf2 Kb3 61. g8=Q+ Nxg8 62. Kxe4 Kxa3 63. Kxf3 h1=Q+ 64. Nxh1 Kb3 65. Nf2 a3 66.
Nd3 Kc3 67. Nc1 Ne7 68. Ke4 Nc6 69. Na2+ Kb2 70. Kd3 Kxa2 71. Kc2 Nd4+ 72. Kc1
Ka1 0-1

[Event "34. Open Ciutat de Badalona 2008"]
[Site "Badalona ESP"]
[Date "2008.08.05"]
[Round "5.9"]
[White "Hernando Rodrigo, Jose Maria"]
[Black "Tscharotschkin, Michael"]
[Result "1/2-1/2"]
[WhiteElo "2377"]
[BlackElo "2236"]
[PlyCount "83"]
[EventDate "2008.08.01"]
[EventType "swiss"]
[EventRounds "9"]
[EventCountry "ESP"]
[SourceTitle "Ajedrez en Madrid"]
[Source "lmi"]
[SourceDate "2008.08.01"]
[SourceVersion "1"]
[SourceVersionDate "2018.07.18"]
[SourceQuality "1"]

1. d4 f5 2. e4 d6 3. Nc3 Nf6 4. Bd3 fxe4 5. Nxe4 Nc6 6. Nxf6+ exf6 7. Qh5+ g6
8. Bxg6+ hxg6 9. Qxh8 Qe7+ 10. Be3 Nb4 11. Kd2 Bf5 12. g4 Be4 13. f3 O-O-O 14.
Qh3 Nxc2 15. fxe4 Nxa1 16. Ne2 Nc2 17. Nc3 Nxe3 18. Qxe3 c6 19. d5 c5 20. h4
Bg7 21. h5 Rh8 22. Kc2 f5 23. gxf5 Bxc3 24. bxc3 gxf5 25. Kd3 Re8 26. e5 dxe5
27. Kc4 Kb8 28. h6 Qd7 29. h7 Qa4+ 30. Kd3 e4+ 31. Ke2 Qxa2+ 32. Kf1 Qa6+ 33.
Kg2 Qg6+ 34. Qg3+ Qxg3+ 35. Kxg3 Rh8 36. Kf4 b5 37. Kxf5 e3 38. c4 e2 39. Kg6
bxc4 40. Re1 Kc7 41. Rxe2 Kd6 42. Rd2 1/2-1/2

[Event "34. Open Ciutat de Badalona 2008"]
[Site "Badalona ESP"]
[Date "2008.08.06"]
[Round "6.2"]
[White "Panchanathan, Magesh Chandran"]
[Black "Konguvel, Ponnuswamy"]
[Result "1/2-1/2"]
[WhiteElo "2486"]
[BlackElo "2415"]
[PlyCount "21"]
[EventDate "2008.08.01"]
[EventType "swiss"]
[EventRounds "9"]
[EventCountry "ESP"]
[SourceTitle "Ajedrez en Madrid"]
[Source "lmi"]
[SourceDate "2008.08.01"]
[SourceVersion "1"]
[SourceVersionDate "2018.07.18"]
[SourceQuality "1"]

1. Nf3 Nf6 2. g3 g6 3. Bg2 Bg7 4. O-O O-O 5. d4 d6 6. c4 Nbd7 7. Nc3 e5 8. dxe5
dxe5 9. Qc2 c6 10. b3 Qe7 11. Bb2 1/2-1/2

[Event "34. Open Ciutat de Badalona 2008"]
[Site "Badalona ESP"]
[Date "2008.08.06"]
[Round "6.3"]
[White "Almeida Quintana, Omar"]
[Black "Humeau, Cyril"]
[Result "1-0"]
[WhiteElo "2524"]
[BlackElo "2170"]
[PlyCount "51"]
[EventDate "2008.08.01"]
[EventType "swiss"]
[EventRounds "9"]
[EventCountry "ESP"]
[SourceTitle "Ajedrez en Madrid"]
[Source "lmi"]
[SourceDate "2008.08.01"]
[SourceVersion "1"]
[SourceVersionDate "2018.07.18"]
[SourceQuality "1"]

1. d4 d5 2. Nf3 Nf6 3. c4 e6 4. Nc3 Be7 5. Bg5 h6 6. Bh4 O-O 7. e3 Ne4 8. Bg3
c5 9. cxd5 exd5 10. Bd3 cxd4 11. Nxd4 Bf6 12. Bxe4 dxe4 13. Ndb5 Bxc3+ 14. Nxc3
Bf5 15. Qb3 Nd7 16. Bd6 Re8 17. Qxb7 Nb6 18. Rd1 Nc4 19. Bg3 Qb6 20. Qxb6 axb6
21. b3 Nb2 22. Rd4 Nd3+ 23. Kd2 b5 24. Ra1 b4 25. Nd5 Nc5 26. Nc7 1-0

[Event "34. Open Ciutat de Badalona 2008"]
[Site "Badalona ESP"]
[Date "2008.08.06"]
[Round "6.4"]
[White "Vehi Bach, Victor Manuel"]
[Black "Munoz Pantoja, Miguel"]
[Result "0-1"]
[WhiteElo "2411"]
[BlackElo "2499"]
[PlyCount "92"]
[EventDate "2008.08.01"]
[EventType "swiss"]
[EventRounds "9"]
[EventCountry "ESP"]
[SourceTitle "Ajedrez en Madrid"]
[Source "lmi"]
[SourceDate "2008.08.01"]
[SourceVersion "1"]
[SourceVersionDate "2018.07.18"]
[SourceQuality "1"]

1. e4 c5 2. Nf3 Nc6 3. d4 cxd4 4. Nxd4 Nf6 5. Nc3 e5 6. Ndb5 d6 7. Bg5 a6 8.
Na3 b5 9. Bxf6 gxf6 10. Nd5 f5 11. Bd3 Be6 12. O-O Bg7 13. Qh5 Rc8 14. c4 bxc4
15. Nxc4 Nb4 16. Nxb4 fxe4 17. Be2 Bxc4 18. Bxc4 Rxc4 19. Nd5 O-O 20. Ne3 Rd4
21. Nf5 Qf6 22. Rfe1 Re8 23. Nxd4 exd4 24. Qd5 Qe6 25. Qxe6 Rxe6 26. Rac1 Bh6
27. Rc4 d3 28. Rd1 d5 29. Rc8+ Bf8 30. Rd8 Re5 31. f4 Rf5 32. g3 Kg7 33. Kf1
Be7 34. Rd7 Bf6 35. b4 d4 36. a4 a5 37. b5 Rc5 38. b6 Rc2 39. Rb1 d2 40. Rd1 d3
41. b7 Rc1 42. b8=Q Rxd1+ 43. Kg2 Rg1+ 44. Kxg1 d1=Q+ 45. Kg2 Qf3+ 46. Kh3 h5
0-1